00759nam a2200253 i 4500001001000000003000900010005001700019007000300036008004100039020001500080040003000095041000800125082002400133100003000157245007100187250002300258264004600281300002700327336002700354337003400381338002800415650003000443650003200473000047783DO-SdBNP20241014083749.0ta240410s1997 dr a r 000 0 spa d a8484002403 aDO-SdBNPbspacBNPHUerda aspa 4aRD863.44bA173e2221 aAcedo, Pepa,eautor4aut.10aErase una vez una mujer en las arrugas del sueño /cPepa Acevedo aPrimera edición  4aSanto Domingo :bEditora Taller,c©1997. a98 páginas ;c21 cm. ardacontentbtexto2txt ardamedia bsin mediación2n brdacarrier0volumen2nc 4aCuentos dominicanos2LEMB 4aLiteratura dominicana2LEMB